<?xml version="1.0" encoding="UTF-8"?>
<record
    xmlns:xsi="http://www.w3.org/2001/XMLSchema-instance"
    xsi:schemaLocation="http://www.loc.gov/MARC21/slim http://www.loc.gov/standards/marcxml/schema/MARC21slim.xsd"
    xmlns="http://www.loc.gov/MARC21/slim">

  <leader>00741nam a22001937a 4500</leader>
  <datafield tag="999" ind1=" " ind2=" ">
    <subfield code="c">180997</subfield>
    <subfield code="d">180997</subfield>
  </datafield>
  <controlfield tag="005">20210825115903.0</controlfield>
  <datafield tag="010" ind1=" " ind2=" ">
    <subfield code="a">UR-11208</subfield>
  </datafield>
  <datafield tag="020" ind1=" " ind2=" ">
    <subfield code="c">350.00</subfield>
    <subfield code="a">9789387884786</subfield>
  </datafield>
  <datafield tag="035" ind1=" " ind2=" ">
    <subfield code="a">U-9763</subfield>
  </datafield>
  <datafield tag="037" ind1=" " ind2=" ">
    <subfield code="b">DBAD/PUB</subfield>
  </datafield>
  <datafield tag="082" ind1=" " ind2=" ">
    <subfield code="a">920</subfield>
  </datafield>
  <datafield tag="100" ind1=" " ind2=" ">
    <subfield code="a">&#x635;&#x641;&#x62F; &#x631;&#x627; &#x645;&#x627; &#x645; &#x642;&#x627; &#x62F; &#x631; &#x6CC; </subfield>
  </datafield>
  <datafield tag="245" ind1=" " ind2=" ">
    <subfield code="a">&#x628;&#x6C1;&#x627; &#x631; &#x6A9;&#x6D2; &#x67E;&#x6C1;&#x644;&#x6D2; &#x648; &#x632; &#x64A;&#x631; &#x627; &#x639;&#x644;&#x627; :&#x634;&#x631; &#x6CC; &#x6A9;&#x631; &#x634;&#x646; &#x633;&#x646;&#x6C1;&#x627; &#x633;&#x64A;&#x627; &#x633;&#x6CC; &#x627; &#x648; &#x631; &#x633;&#x645;&#x627; &#x62C;&#x6CC; &#x62E;&#x62F; &#x645;&#x627; &#x62A;</subfield>
    <subfield code="c">&#x635;&#x641;&#x62F; &#x631;&#x627; &#x645;&#x627; &#x645; &#x642;&#x627; &#x62F; &#x631; &#x6CC; </subfield>
  </datafield>
  <datafield tag="246" ind1=" " ind2=" ">
    <subfield code="a">Bihar ke Pahle Wazir-e-AalaShri Krishna Sinha(Urdu)</subfield>
    <subfield code="b">by Safdar imam Quadri </subfield>
  </datafield>
  <datafield tag="260" ind1=" " ind2=" ">
    <subfield code="a">Delhi</subfield>
    <subfield code="c">2019&#x621;</subfield>
    <subfield code="b">Creatyve Star Publications</subfield>
  </datafield>
  <datafield tag="270" ind1=" " ind2=" ">
    <subfield code="a">Jamia Nagar,</subfield>
    <subfield code="b">New Delhi</subfield>
    <subfield code="e">25</subfield>
    <subfield code="l">8851148278</subfield>
  </datafield>
  <datafield tag="300" ind1=" " ind2=" ">
    <subfield code="a">272 &#x635; </subfield>
    <subfield code="c">22 Cm(Hb)</subfield>
  </datafield>
  <datafield tag="942" ind1=" " ind2=" ">
    <subfield code="2">ddc</subfield>
    <subfield code="c">UR</subfield>
    <subfield code="h">920</subfield>
    <subfield code="m">&#x634; &#x631; &#x6CC; </subfield>
  </datafield>
  <datafield tag="952" ind1=" " ind2=" ">
    <subfield code="0">0</subfield>
    <subfield code="1">0</subfield>
    <subfield code="4">0</subfield>
    <subfield code="7">0</subfield>
    <subfield code="8">NFIC</subfield>
    <subfield code="a">L</subfield>
    <subfield code="b">L</subfield>
    <subfield code="d">2021-08-25</subfield>
    <subfield code="e">DBAD/PUB</subfield>
    <subfield code="g">350.00</subfield>
    <subfield code="l">0</subfield>
    <subfield code="o">920 &#x634; &#x631; &#x6CC;</subfield>
    <subfield code="p">U-9763</subfield>
    <subfield code="r">2021-08-25 00:00:00</subfield>
    <subfield code="t">1</subfield>
    <subfield code="v">350.00</subfield>
    <subfield code="y">UR</subfield>
  </datafield>
</record>
